¡Voy a comedte! / (Registro nro. 30609)
[ vista simple ]
| 000 -LEADER | |
|---|---|
| fixed length control field | 00260nam a22000977a 4500 |
| 008 - FIXED-LENGTH DATA ELEMENTS--GENERAL INFORMATION | |
| fixed length control field | 240219b |||||||| |||| 00| 0 eng d |
| 082 ## - DEWEY DECIMAL CLASSIFICATION NUMBER | |
| Classification number | C DERV Ej.1 |
| 100 10 - MAIN ENTRY--PERSONAL NAME | |
| Personal name | Derouen, Jean-Marc |
| Relator term | autor |
| 9 (RLIN) | 43436 |
| 245 ## - TITLE STATEMENT | |
| Title | ¡Voy a comedte! / |
| Statement of responsibility, etc. | Jean-Marc Derouen |
| 942 ## - ADDED ENTRY ELEMENTS (KOHA) | |
| Source of classification or shelving scheme | Dewey Decimal Classification |
| Withdrawn status | Lost status | Source of classification or shelving scheme | Damaged status | Not for loan | Home library | Current library | Shelving location | Date acquired | Total Checkouts | Full call number | Barcode | Date last seen | Date last checked out | Price effective from | Non-public note | Koha item type | Public note |
|---|---|---|---|---|---|---|---|---|---|---|---|---|---|---|---|---|---|
| Dewey Decimal Classification | Biblored | Biblioteca Pública José María del Castillo y Rada | Children's Area | 02/19/2024 | 5 | C DERV Ej.1 | 35714005548358 | 04/30/2024 | 04/24/2024 | 02/19/2024 | sucio, manchas en general | Books | Material Interbibliotecario BibloRed |